000
00199 a2200085 4500
020
_a
9789355325310
100
_a
K. ASWATHAPPA
245
_a
INTERNATIONAL HUMAN RESOURCE MANAGEMENT
260
_b
MCGRAW-HILL
999
_c
13067
_d
13067